000 00711nam a22002177a 4500
999 _c22442
_d22442
003 AR-CdUCM
008 190425b ||||| |||| 00| 0 spa d
020 _a9786124272721
040 _aMUNICIPALIDAD PROVINCIAL DEL CUSCO
_cBIBLIOTECA MUNICIPAL DEL CUSCO
082 _a781.62/S21R
_bS21R
100 _aSanta Cruz Gamarra, Victoria
_948195
245 _aRitmo : el eterno organizador /
_cVictoria Santa Cruz
260 _aLima :
_bDebate,
_bQuad Graphics Perú,
_c2020.
300 _a95 páginas. :
_c23 cm.
440 _aDebate. Sociedad
_948196
650 _aMúsica afroperuana
_948197
650 _aRitmo musical
_948198
650 _aCanciones folclóricas
_948199
942 _2ddc
_cLIBROS
945 _arac